000 00275 a2200109 4500
001 68574
040 _cAnchieta - Itaigara
240 1 0 _aColégio Anchieta
_l
245 1 0 _aColégio Anchieta
650 4 _aDocumentários, mídia educacional, jornalismo e publicidade
942 _cMX
999 _c68574
_d68574